[Event "Sheki (Women)"]
[Site "Sheki"]
[Date "2005.10.22"]
[Round "8"]
[White "Alieva, Elmira"]
[Black "Makropoulou, Marina"]
[Result "0-1"]
[WhiteElo "2176"]
[BlackElo "2287"]
[PlyCount "148"]
[EventDate "2005.10.15"]
[EventType "tourn"]
[EventRounds "9"]
[EventCountry "AZE"]
[EventCategory "4"]
[SourceTitle "CBM 108 Extra"]
[Source "ChessBase"]
[SourceDate "2005.11.04"]
[SourceVersion "1"]
[SourceVersionDate "2005.11.04"]
[SourceQuality "1"]

1. d4 g6 2. Nf3 Bg7 3. g3 d6 4. Bg2 Nd7 5. c4 e5 6. Nc3 Ne7 7. 0-0 0-0 8. e4 exd4 9. Nxd4 a6 10. Bg5 h6 11. Be3 Ne5 12. b3 Ng4 13. Bf4 g5 14. Bc1 c5 15. Nde2 Ne5 16. f4 gxf4 17. gxf4 Ng4 18. h3 Nf6 19. Be3 Ng6 20. e5 dxe5 21. Qxd8 Rxd8 22. fxe5 Nxe5 23. Bxc5 Re8 24. Bd4 Rb8 25. Rad1 b6 26. Nf4 Bb7 27. Nfd5 Nxd5 28. Nxd5 Re6 29. Rf2 Ng6 30. Bxg7 Kxg7 31. Nc7 Re7 32. Bxb7 Rxb7 33. Nxa6 Re3 34. Kh2 Ne5 35. Rg1+ Kf8 36. Rg3 Rxg3 37. Kxg3 Ke7 38. Nb4 Ke6 39. a4 f5 40. Nd5 Rg7+ 41. Kh2 Nd3 42. Rf3 Ne5 43. Rg3 Rf7 44. Nf4+ Kd6 45. Re3 Re7 46. Kg3 Ra7 47. Kf2 Nd7 48. Re6+ Kc5 49. Nd5 Kd4 50. Re7 Rb7 51. b4 Kd3 52. Nf6 Nc5 53. Re3+ Kxc4 54. bxc5 bxc5 55. Rf3 Rb2+ 56. Kg3 Kd4 57. Rxf5 c4 58. Rd5+ Ke3 59. Ng4+ Ke4 60. Rc5 Kd4 61. Rc8 h5 62. Nf6 c3 63. Nxh5 c2 64. Nf4 Ke3 65. h4 Kd2 66. Rd8+ Ke3 67. Rd3+ Ke4 68. Rc3 Rb3 69. Ne2 c1Q 70. Rxb3 Qe1+ 71. Kg4 Qxe2+ 72. Kg5 Qd2+ 73. Kg6 Qd6+ 74. Kg7 Qe7+ 0-1

[Event "Sheki (Women)"]
[Site "Sheki"]
[Date "2005.10.19"]
[Round "5"]
[White "Kovalevskaya, Ekaterina"]
[Black "Alieva, Elmira"]
[Result "1-0"]
[WhiteElo "2457"]
[BlackElo "2176"]
[PlyCount "139"]
[EventDate "2005.10.15"]
[EventType "tourn"]
[EventRounds "9"]
[EventCountry "AZE"]
[EventCategory "4"]
[SourceTitle "CBM 108 Extra"]
[Source "ChessBase"]
[SourceDate "2005.11.04"]
[SourceVersion "1"]
[SourceVersionDate "2005.11.04"]
[SourceQuality "1"]

1. e4 e6 2. d4 d5 3. Nc3 Nf6 4. Bg5 dxe4 5. Nxe4 Be7 6. Bxf6 gxf6 7. Nf3 f5 8. Ng3 c5 9. dxc5 Qa5+ 10. c3 Qxc5 11. Qd4 Qxd4 12. Nxd4 a6 13. Be2 f4 14. Nh5 e5 15. Nf5 Nc6 16. g3 fxg3 17. hxg3 Kf8 18. Nxe7 Kxe7 19. 0-0-0 Bf5 20. g4 Bg6 21. Bf3 Rhd8 22. Rde1 Nb4 23. Rxe5+ Kd6 24. Re3 Nd3+ 25. Rxd3+ Bxd3 26. Nf4 Ke5 27. Nxd3+ Rxd3 28. Bxb7 Ra7 29. Rh5+ Kf4 30. Rf5+ Kxg4 31. Rxf7 Kg5 32. Rxh7 Rd6 33. f3 Rf6 34. Kc2 Rxf3 35. Bxf3 Rxh7 36. b4 Kf4 37. Bd5 Ke3 38. Kb3 Rh5 39. c4 Kd4 40. Ka4 Rh2 41. a3 Rh3 42. Be6 Re3 43. Bg8 Rg3 44. Bf7 Re3 45. c5 Ke5 46. Bc4 a5 47. Kxa5 Rxa3+ 48. Kb5 Rc3 49. Bf7 Rf3 50. Be8 Rf4 51. Bd7 Rd4 52. Bc6 Ke6 53. Ka5 Rc4 54. Bb5 Rh4 55. Bc6 Rc4 56. Ba4 Ke7 57. c6 Kd6 58. b5 Kc7 59. b6+ Kb8 60. Bb5 Rc1 61. Kb4 Rb1+ 62. Kc5 Rc1+ 63. Bc4 Rc2 64. Kd4 Kc8 65. Be6+ Kd8 66. Kd5 Rd2+ 67. Kc5 Rc2+ 68. Kd6 Rd2+ 69. Bd5 Kc8 70. b7+ 1-0

[Event "Sheki (Women)"]
[Site "Sheki"]
[Date "2005.10.17"]
[Round "3"]
[White "Umudova, Nargiz"]
[Black "Alieva, Elmira"]
[Result "1-0"]
[WhiteElo "2101"]
[BlackElo "2176"]
[PlyCount "81"]
[EventDate "2005.10.15"]
[EventType "tourn"]
[EventRounds "9"]
[EventCountry "AZE"]
[EventCategory "4"]
[SourceTitle "CBM 108 Extra"]
[Source "ChessBase"]
[SourceDate "2005.11.04"]
[SourceVersion "1"]
[SourceVersionDate "2005.11.04"]
[SourceQuality "1"]

1. e4 e6 2. d4 d5 3. Nc3 Bb4 4. e5 Ne7 5. f4 c5 6. Bd2 Nf5 7. Nf3 Nc6 8. dxc5 Bxc5 9. Bd3 0-0 10. g4 Nh4 11. Qe2 Nb4 12. 0-0-0 Nxf3 13. Qxf3 Bd7 14. Kb1 Rc8 15. Rhf1 Nxd3 16. Qxd3 f6 17. exf6 Qxf6 18. f5 Qh4 19. h3 Kh8 20. fxe6 Bxe6 21. Ne2 Rxf1 22. Rxf1 Rf8 23. Nf4 Bg8 24. Bc3 d4 25. Bxd4 Rxf4 26. Bxc5 Rxf1+ 27. Qxf1 Qg5 28. Ba3 Qa5 29. Qc1 b5 30. b3 Qc3 31. Qf1 a6 32. Bb2 Qc6 33. g5 h6 34. h4 hxg5 35. hxg5 Qg6 36. Qf4 Bh7 37. Qf8+ Bg8 38. Qd8 Qe6 39. Bc3 Kh7 40. Qd4 Qe7 41. Qd3+ 1-0

[Event "Sheki (Women)"]
[Site "Sheki"]
[Date "2005.10.16"]
[Round "2"]
[White "Alieva, Elmira"]
[Black "Muzychuk, Anna"]
[Result "1-0"]
[WhiteElo "2176"]
[BlackElo "2373"]
[PlyCount "67"]
[EventDate "2005.10.15"]
[EventType "tourn"]
[EventRounds "9"]
[EventCountry "AZE"]
[EventCategory "4"]
[SourceTitle "CBM 108 Extra"]
[Source "ChessBase"]
[SourceDate "2005.11.04"]
[SourceVersion "1"]
[SourceVersionDate "2005.11.04"]
[SourceQuality "1"]

1. d4 d6 2. Nf3 f5 3. g3 Nf6 4. Bg2 g6 5. 0-0 Bg7 6. c4 0-0 7. b4 e6 8. Bb2 Qe7 9. Nbd2 Nbd7 10. Qb3 Kh8 11. Rae1 e5 12. dxe5 dxe5 13. e4 f4 14. c5 Ng8 15. Nc4 g5 16. h3 h5 17. Rd1 Nh6 18. Rd5 Nf7 19. Rfd1 Kh7 20. Qd3 b5 21. Na5 g4 22. Nh4 f3 23. Bf1 Nf6 24. Nc6 Qe8 25. Nxe5 Nxd5 26. exd5+ Kg8 27. Nc6 Bxb2 28. Qg6+ Bg7 29. Bd3 Ne5 30. Qh7+ Kf7 31. Re1 Rh8 32. Nxe5+ Kf6 33. Qe4 Bh6 34. Qd4 1-0

[Event "Wch Seniors (Women) 14th"]
[Site "Halle"]
[Date "2004.10.28"]
[Round "5"]
[White "Abdikasova, Panu"]
[Black "Alieva, Elmira"]
[Result "0-1"]
[WhiteElo "2037"]
[BlackElo "2211"]
[PlyCount "142"]
[EventDate "2004.10.24"]
[EventType "swiss"]
[EventRounds "9"]
[EventCountry "GER"]
[SourceTitle "EXT 2006"]
[Source "ChessBase"]
[SourceDate "2005.11.24"]
[SourceVersion "1"]
[SourceVersionDate "2005.11.24"]
[SourceQuality "1"]

1. d4 f5 2. c4 g6 3. Nc3 Nf6 4. Bg5 Bg7 5. Nf3 d6 6. e3 c6 7. Be2 Nbd7 8. 0-0 0-0 9. Qc2 Qe8 10. Rad1 h6 11. Bxf6 Nxf6 12. Rfe1 e5 13. b4 e4 14. Nd2 Bd7 15. a4 d5 16. cxd5 cxd5 17. b5 g5 18. Qb3 Qf7 19. Rc1 Be6 20. Rc2 f4 21. Rec1 Rac8 22. Nd1 Rxc2 23. Rxc2 f3 24. gxf3 Qh5 25. Nxe4 Qh3 26. Ng3 Bf7 27. Rc7 h5 28. Qc2 Ne8 29. Rxb7 Nd6 30. Rc7 h4 31. Bf1 Qe6 32. Ne2 Bh5 33. Bg2 Bxf3 34. Bxf3 Rxf3 35. Qc6 Qg4+ 36. Kf1 Qh3+ 37. Ke1 Qxh2 38. Qxd5+ Rf7 39. Rd7 Bf8 40. Qxg5+ Rg7 41. Rxg7+ Bxg7 42. Qd5+ Nf7 43. Nf4 h3 44. Ke2 Bh6 45. Nxh3 Qxh3 46. Qa8+ Bf8 47. Qxa7 Qg4+ 48. f3 Qe6 49. Qc7 Qa2+ 50. Kd3 Qxa4 51. Nc3 Qb3 52. Ke4 Qb2 53. Qc6 Qc2+ 54. Kd5 Nd6 55. Ne4 Qb3+ 56. Ke5 Nf7+ 57. Kf5 Nh6+ 58. Kg6 Qf7+ 59. Kg5 Be7+ 60. Nf6+ Kg7 61. Kh4 Bxf6+ 62. Kh3 Nf5 63. b6 Qh5+ 64. Kg2 Qg5+ 65. Kf1 Qxe3 66. b7 Qd3+ 67. Kg2 Nh4+ 68. Kg3 Qg6+ 69. Kf2 Bxd4+ 70. Ke2 Qxc6 71. b8Q Qc2+ 0-1

[Event "AZE qual (Women)"]
[Site "Azerbaijan"]
[Date "2003.07.??"]
[Round "?"]
[White "Alieva, Elmira"]
[Black "Rzaeva, Svetlana"]
[Result "1/2-1/2"]
[WhiteElo "2205"]
[BlackElo "2060"]
[PlyCount "110"]
[EventDate "2003.07.??"]
[EventType "tourn"]
[EventRounds "11"]
[EventCountry "AZE"]
[SourceTitle "EXT 2007"]
[Source "ChessBase"]
[SourceDate "2006.11.23"]
[SourceVersion "1"]
[SourceVersionDate "2006.11.23"]
[SourceQuality "1"]

1. Nf3 g6 2. g3 Bg7 3. Bg2 Nf6 4. 0-0 0-0 5. d4 d6 6. c4 Nc6 7. Nc3 a6 8. b3 Rb8 9. Nd5 Bd7 10. Bb2 b5 11. cxb5 axb5 12. Nxf6+ Bxf6 13. e4 Qc8 14. Rc1 Bg7 15. a3 Qa6 16. b4 Qb6 17. Qd2 e6 18. d5 Ne5 19. Nxe5 dxe5 20. Qc3 Rfc8 21. Qc5 exd5 22. exd5 Qd6 23. Rfe1 f6 24. Re2 Bh6 25. Rc3 Bg4 26. Rec2 Bf5 27. Qxd6 cxd6 28. Rxc8+ Rxc8 29. Rxc8+ Bxc8 30. Bf1 Bd7 31. a4 bxa4 32. b5 Bc8 33. Ba3 Bb7 34. Bc4 Bf8 35. Bb4 Be7 36. Ba5 Kf7 37. Kf1 Ke8 38. Ke2 Bd8 39. b6 f5 40. Kd3 Ke7 41. Kc3 a3 42. Kb3 a2 43. Kxa2 Kd7 44. Kb3 Kc8 45. Kc3 g5 46. h3 Kb8 47. Kd3 Bf6 48. Ke3 f4+ 49. gxf4 gxf4+ 50. Ke4 Bc8 51. Bf1 Kb7 52. Kf3 Bd8 53. Bb4 Be7 54. Ba5 Bd8 55. Bb4 Be7 1/2-1/2

[Event "AZE qual (Women)"]
[Site "Azerbaijan"]
[Date "2003.07.??"]
[Round "?"]
[White "Mammadova, Nargiz"]
[Black "Alieva, Elmira"]
[Result "0-1"]
[WhiteElo "2095"]
[BlackElo "2205"]
[PlyCount "91"]
[EventDate "2003.07.??"]
[EventType "tourn"]
[EventRounds "11"]
[EventCountry "AZE"]
[SourceTitle "EXT 2007"]
[Source "ChessBase"]
[SourceDate "2006.11.23"]
[SourceVersion "1"]
[SourceVersionDate "2006.11.23"]
[SourceQuality "1"]

1. Nf3 d5 2. g3 c5 3. Bg2 Nc6 4. d4 e6 5. 0-0 Nf6 6. b3 cxd4 7. Nxd4 Bc5 8. Bb2 0-0 9. Nxc6 bxc6 10. Nd2 Qe7 11. c4 Ba6 12. Qc2 Rac8 13. e4 e5 14. exd5 cxd5 15. Qf5 Bb4 16. Nf3 dxc4 17. bxc4 Bxc4 18. Rfc1 Ba3 19. Bxa3 Qxa3 20. Nxe5 Be6 21. Qg5 h6 22. Qd2 Rb8 23. Rc3 Qb2 24. Qxb2 Rxb2 25. a4 Rd8 26. Nd3 Rd2 27. Nf4 Bf5 28. Re3 Ng4 29. Re2 g5 30. Rxd2 Rxd2 31. Nd5 Be6 32. Nc7 Bb3 33. Nb5 a6 34. Nc7 a5 35. Na6 Nxf2 36. Ra3 Bc4 37. Nc5 Ng4 38. Ra1 Ne5 39. Bf3 g4 40. Be4 Be2 41. Nb3 Rb2 42. Nd4 Ba6 43. Re1 Rb4 44. Re3 Rxd4 45. Bc6 Rd1+ 46. Kf2 0-1

[Event "EU-ch (Women) 2nd"]
[Site "Warsaw"]
[Date "2001.05.03"]
[Round "11"]
[White "Alieva, Elmira"]
[Black "Blimke, Dalia"]
[Result "1-0"]
[WhiteElo "2257"]
[BlackElo "2209"]
[PlyCount "89"]
[EventDate "2001.04.22"]
[EventType "swiss"]
[EventRounds "11"]
[EventCountry "POL"]
[SourceTitle "CBM 082 Extra"]
[Source "ChessBase"]
[SourceDate "2001.07.03"]
[SourceVersion "1"]
[SourceVersionDate "2001.07.03"]
[SourceQuality "1"]

1. Nf3 Nf6 2. b3 g6 3. Bb2 Bg7 4. g3 c5 5. c4 Nc6 6. Bg2 0-0 7. 0-0 d5 8. cxd5 Nxd5 9. Bxg7 Kxg7 10. Qc2 b6 11. d4 Nxd4 12. Nxd4 cxd4 13. Qc4 Bb7 14. Qxd4+ Kg8 15. Na3 e6 16. Nc4 Qe7 17. e4 Nb4 18. Qd6 Qxd6 19. Nxd6 Ba6 20. Rfd1 e5 21. f4 exf4 22. gxf4 Rad8 23. e5 Nc2 24. Rac1 Ne3 25. Re1 Nxg2 26. Kxg2 Rd7 27. Kf2 Bb7 28. Rc3 Rfd8 29. Rec1 Bd5 30. Rc7 Rxc7 31. Rxc7 a5 32. Rc8 Rf8 33. Ke3 a4 34. bxa4 Bxa2 35. Rxf8+ Kxf8 36. Nc8 Bc4 37. Nxb6 Bf1 38. Nd5 h6 39. Kd4 Ke8 40. Nf6+ Kd8 41. Kc5 Kc8 42. Ng8 g5 43. f5 h5 44. e6 fxe6 45. f6 1-0

[Event "EU-ch (Women) 2nd"]
[Site "Warsaw"]
[Date "2001.04.27"]
[Round "6"]
[White "Lomineishvili, Maia"]
[Black "Alieva, Elmira"]
[Result "1-0"]
[WhiteElo "2439"]
[BlackElo "2257"]
[PlyCount "95"]
[EventDate "2001.04.22"]
[EventType "swiss"]
[EventRounds "11"]
[EventCountry "POL"]
[SourceTitle "CBM 082 Extra"]
[Source "ChessBase"]
[SourceDate "2001.07.03"]
[SourceVersion "1"]
[SourceVersionDate "2001.07.03"]
[SourceQuality "1"]

1. d4 g6 2. e4 d6 3. Nc3 Nf6 4. f3 c6 5. Be3 b5 6. Qd2 Qa5 7. Bd3 a6 8. e5 b4 9. exf6 bxc3 10. bxc3 exf6 11. Ne2 Be7 12. Bh6 Qh5 13. h4 Qa5 14. h5 Nd7 15. Kf2 c5 16. Qe3 cxd4 17. cxd4 Kd8 18. Nf4 Nb6 19. c4 Re8 20. Bg7 g5 21. Nd5 Nxd5 22. cxd5 f5 23. Rhc1 g4 24. Kg1 Bd7 25. Qf4 gxf3 26. Qxf3 Bg5 27. Bxf5 Qd2 28. Bxd7 Qe3+ 29. Qxe3 Bxe3+ 30. Kh1 Kxd7 31. Rf1 Re4 32. g3 Re7 33. Rab1 Rc8 34. Bf6 Ree8 35. Rfe1 Rc7 36. Rb2 Rc1 37. Rxc1 Bxc1 38. Rb7+ Kc8 39. Rxf7 Re1+ 40. Kg2 Re2+ 41. Kf3 Re3+ 42. Kf2 h6 43. Be7 Rc3 44. Bxd6 Be3+ 45. Kf3 Bxd4+ 46. Ke4 Bb6 47. Bf4 Rc4+ 48. Kf5 1-0

[Event "EU-ch (Women) 2nd"]
[Site "Warsaw"]
[Date "2001.04.26"]
[Round "5"]
[White "Alieva, Elmira"]
[Black "Sarakauskiene, Zivile"]
[Result "1-0"]
[WhiteElo "2257"]
[BlackElo "2150"]
[PlyCount "101"]
[EventDate "2001.04.22"]
[EventType "swiss"]
[EventRounds "11"]
[EventCountry "POL"]
[SourceTitle "CBM 082 Extra"]
[Source "ChessBase"]
[SourceDate "2001.07.03"]
[SourceVersion "1"]
[SourceVersionDate "2001.07.03"]
[SourceQuality "1"]

1. d4 Nf6 2. c4 e6 3. Nf3 Bb4+ 4. Nbd2 0-0 5. a3 Bxd2+ 6. Qxd2 b6 7. g3 Bb7 8. Bg2 d6 9. 0-0 Nbd7 10. b4 Qe7 11. Bb2 c5 12. d5 e5 13. Nh4 Rfc8 14. b5 Re8 15. Nf5 Qf8 16. f4 Bc8 17. Bc3 a6 18. a4 a5 19. h3 Ra7 20. Rf2 e4 21. Qb2 g6 22. Ne3 Nh5 23. g4 Ng7 24. f5 gxf5 25. Bxg7 Qxg7 26. Qxg7+ Kxg7 27. Nxf5+ Kg8 28. Nxd6 Rf8 29. Bxe4 Ne5 30. Nxc8 Rxc8 31. Bf5 Rd8 32. Rf4 h6 33. Rd1 Rd6 34. Kf2 Re7 35. Kg3 Kg7 36. h4 f6 37. Rdf1 Re8 38. Be6 Rexe6 39. dxe6 Rxe6 40. Rd1 Ng6 41. Rd7+ Kg8 42. Rf1 Ne5 43. Rc7 Nxc4 44. Rc6 Re3+ 45. Rf3 Rxe2 46. Rfxf6 Ne5 47. Rxb6 c4 48. Rb7 Nd3 49. Rc7 Re4 50. b6 Ne5 51. b7 1-0

[Event "AZE-ch (Women)"]
[Site "Baku"]
[Date "2001.??.??"]
[Round "?"]
[White "Alieva, Elmira"]
[Black "Rzaeva, Svetlana"]
[Result "1-0"]
[WhiteElo "2257"]
[BlackElo "2018"]
[PlyCount "61"]
[EventDate "2001.??.??"]
[EventType "tourn"]
[EventRounds "9"]
[EventCountry "AZE"]
[SourceTitle "EXT 2003"]
[Source "ChessBase"]
[SourceDate "2002.11.25"]
[SourceVersion "1"]
[SourceVersionDate "2002.11.25"]
[SourceQuality "1"]

1. Nf3 g6 2. c4 Bg7 3. Nc3 Nf6 4. g3 d6 5. Bg2 0-0 6. 0-0 Nc6 7. d3 Re8 8. Rb1 e5 9. e4 Bd7 10. h3 Ne7 11. b4 c6 12. d4 Qc7 13. c5 exd4 14. cxd6 Qb8 15. Nxd4 Nc8 16. f4 Rd8 17. e5 Ne8 18. Ne4 Nb6 19. Kh2 Qc8 20. Qb3 h6 21. Bb2 Nd5 22. Nc5 Be6 23. Ndxe6 fxe6 24. d7 Rxd7 25. Nxd7 Qxd7 26. Bxd5 cxd5 27. Rbc1 Bf8 28. Rf2 Qb5 29. Qc2 Kg7 30. g4 Qxb4 31. f5 1-0

[Event "AZE-ch (Women)"]
[Site "Baku"]
[Date "2001.??.??"]
[Round "?"]
[White "Atakishieva, Elnara"]
[Black "Alieva, Elmira"]
[Result "0-1"]
[WhiteElo "2100"]
[BlackElo "2257"]
[PlyCount "32"]
[EventDate "2001.??.??"]
[EventType "tourn"]
[EventRounds "9"]
[EventCountry "AZE"]
[SourceTitle "EXT 2003"]
[Source "ChessBase"]
[SourceDate "2002.11.25"]
[SourceVersion "1"]
[SourceVersionDate "2002.11.25"]
[SourceQuality "1"]

1. b3 Nf6 2. Bb2 d5 3. e3 g6 4. Bxf6 exf6 5. d4 c6 6. Bd3 Bd6 7. Nd2 f5 8. g3 Nd7 9. h4 Nf6 10. a3 Qe7 11. b4 a5 12. c3 Nh5 13. Ne2 0-0 14. Nf1 Re8 15. Qc1 b6 16. f4 Nf6 0-1

[Event "AZE-ch (Women)"]
[Site "Baku"]
[Date "2001.??.??"]
[Round "?"]
[White "Mamedjarova, Zeinab"]
[Black "Alieva, Elmira"]
[Result "1/2-1/2"]
[WhiteElo "2176"]
[BlackElo "2257"]
[PlyCount "28"]
[EventDate "2001.??.??"]
[EventType "tourn"]
[EventRounds "9"]
[EventCountry "AZE"]
[SourceTitle "EXT 2003"]
[Source "ChessBase"]
[SourceDate "2002.11.25"]
[SourceVersion "1"]
[SourceVersionDate "2002.11.25"]
[SourceQuality "1"]

1. d4 Nf6 2. c4 g6 3. Nf3 d5 4. cxd5 Nxd5 5. g3 Bg7 6. Bg2 0-0 7. 0-0 Nb6 8. Nc3 Nc6 9. d5 Na5 10. Qc2 c6 11. dxc6 Nxc6 12. Rd1 Qe8 13. h3 Be6 14. Be3 Qc8 1/2-1/2

[Event "Olympiad Women-34"]
[Site "Istanbul"]
[Date "2000.11.08"]
[Round "11.2"]
[White "Alieva, Elmira"]
[Black "Sekulovska, Vesna"]
[Result "1/2-1/2"]
[WhiteElo "2240"]
[BlackElo "2120"]
[PlyCount "61"]
[EventDate "2000.10.28"]
[EventType "team-swiss"]
[EventRounds "14"]
[EventCountry "TUR"]
[SourceTitle "EXT 2001"]
[Source "ChessBase"]
[SourceDate "2000.11.22"]
[SourceVersion "1"]
[SourceVersionDate "2000.11.22"]
[SourceQuality "1"]
[WhiteTeam "Azerbaijan (W)"]
[BlackTeam "Macedonia (W)"]
[WhiteTeamCountry "AZE"]
[BlackTeamCountry "MKD"]

1. Nf3 d5 2. g3 Nf6 3. Bg2 c5 4. c4 e6 5. 0-0 dxc4 6. Qa4+ Bd7 7. Qxc4 Bc6 8. Qc2 Nbd7 9. Nc3 Be7 10. b3 Rc8 11. Bb2 0-0 12. d3 h6 13. Rad1 Qc7 14. e4 b5 15. d4 b4 16. d5 bxc3 17. dxc6 cxb2 18. cxd7 Nxd7 19. Qxb2 Bf6 20. Qe2 Rfd8 21. Rc1 Ne5 22. Nxe5 Qxe5 23. Qa6 Qb2 24. Rcd1 Bd4 25. Bf3 Rc7 26. Kg2 Rdc8 27. Rb1 Qd2 28. Rbd1 Qb2 29. Rb1 Qd2 30. Rbd1 Qb2 31. Rb1 1/2-1/2

[Event "Olympiad Women-34"]
[Site "Istanbul"]
[Date "2000.11.07"]
[Round "10.2"]
[White "Stockova, Zuzana"]
[Black "Alieva, Elmira"]
[Result "1-0"]
[WhiteElo "2321"]
[BlackElo "2240"]
[PlyCount "119"]
[EventDate "2000.10.28"]
[EventType "team-swiss"]
[EventRounds "14"]
[EventCountry "TUR"]
[SourceTitle "EXT 2001"]
[Source "ChessBase"]
[SourceDate "2000.11.22"]
[SourceVersion "1"]
[SourceVersionDate "2000.11.22"]
[SourceQuality "1"]
[WhiteTeam "Slovakia (W)"]
[BlackTeam "Azerbaijan (W)"]
[WhiteTeamCountry "SVK"]
[BlackTeamCountry "AZE"]

1. e4 d6 2. d4 Nf6 3. Nc3 c6 4. f3 g6 5. Be3 b5 6. Qd2 Bg7 7. Bh6 Bxh6 8. Qxh6 Nbd7 9. Nh3 Qa5 10. Bd3 Rb8 11. Ng5 c5 12. dxc5 Nxc5 13. 0-0 Ne6 14. Nxe6 Bxe6 15. Ne2 b4 16. Nf4 Qe5 17. Nxe6 fxe6 18. Qe3 Qc5 19. Qxc5 dxc5 20. Bc4 e5 21. a3 Kf8 22. axb4 Rxb4 23. b3 Rb7 24. Ra5 Nd7 25. Rfa1 Nb6 26. Bd3 Kf7 27. Rxc5 Kf6 28. Rca5 Ra8 29. Kf2 Rc7 30. Ke3 h6 31. h4 e6 32. Ra6 Nc8 33. Bc4 Re7 34. Rc6 Rb8 35. b4 Re8 36. b5 Rb7 37. Bd3 Rd8 38. Ra3 Ne7 39. Rca6 Nc8 40. Rc3 Nb6 41. Rc6 Re8 42. Ra3 Rd8 43. Rac3 Rdd7 44. Be2 Na4 45. Rd3 Rxd3+ 46. Bxd3 Nb6 47. c4 Na4 48. Kd2 Rd7 49. Kc2 g5 50. hxg5+ Kxg5 51. g3 Kf6 52. Bf1 h5 53. Bh3 Rg7 54. Rxe6+ Kf7 55. Ra6 Rxg3 56. Rxa7+ Ke8 57. Rxa4 Rxh3 58. b6 Kd7 59. Ra7+ Kc6 60. c5 1-0

[Event "Olympiad Women-34"]
[Site "Istanbul"]
[Date "2000.11.06"]
[Round "9.1"]
[White "Madl, Ildiko"]
[Black "Alieva, Elmira"]
[Result "1-0"]
[WhiteElo "2418"]
[BlackElo "2240"]
[PlyCount "71"]
[EventDate "2000.10.28"]
[EventType "team-swiss"]
[EventRounds "14"]
[EventCountry "TUR"]
[SourceTitle "EXT 2001"]
[Source "ChessBase"]
[SourceDate "2000.11.22"]
[SourceVersion "1"]
[SourceVersionDate "2000.11.22"]
[SourceQuality "1"]
[WhiteTeam "Hungary (W)"]
[BlackTeam "Azerbaijan (W)"]
[WhiteTeamCountry "HUN"]
[BlackTeamCountry "AZE"]

1. e4 e6 2. d4 d5 3. Nc3 Bb4 4. e5 c5 5. a3 Ba5 6. b4 cxd4 7. Qg4 Ne7 8. bxa5 dxc3 9. Qxg7 Rg8 10. Qxh7 Nbc6 11. Nf3 Qxa5 12. Bf4 Qa4 13. Bg3 Qe4+ 14. Qxe4 dxe4 15. Ng1 Bd7 16. 0-0-0 Nf5 17. Ne2 Ke7 18. Bf4 Rac8 19. h4 Rg4 20. g3 e3 21. fxe3 Na5 22. Bh3 Rxf4 23. exf4 Ne3 24. Rd3 Nd5 25. Rhd1 Rc5 26. Nd4 Nc4 27. Nb3 Rc7 28. h5 Nb2 29. Rxd5 exd5 30. Rh1 Rc8 31. Bxd7 Kxd7 32. g4 Nc4 33. Rh3 Nxa3 34. g5 Nb5 35. f5 b6 36. h6 1-0

[Event "Olympiad Women-34"]
[Site "Istanbul"]
[Date "2000.11.02"]
[Round "6.2"]
[White "Alieva, Elmira"]
[Black "Domarkaite, Laima"]
[Result "1/2-1/2"]
[WhiteElo "2240"]
[BlackElo "2187"]
[PlyCount "87"]
[EventDate "2000.10.28"]
[EventType "team-swiss"]
[EventRounds "14"]
[EventCountry "TUR"]
[SourceTitle "EXT 2001"]
[Source "ChessBase"]
[SourceDate "2000.11.22"]
[SourceVersion "1"]
[SourceVersionDate "2000.11.22"]
[SourceQuality "1"]
[WhiteTeam "Azerbaijan (W)"]
[BlackTeam "Lithuania (W)"]
[WhiteTeamCountry "AZE"]
[BlackTeamCountry "LTU"]

1. d4 Nf6 2. Nf3 e6 3. c4 Bb4+ 4. Nbd2 b6 5. a3 Bxd2+ 6. Qxd2 Bb7 7. g3 0-0 8. Bg2 Be4 9. 0-0 d6 10. b4 Nbd7 11. Bb2 Qe7 12. Rfd1 Rfd8 13. Qc3 Rac8 14. Rac1 c5 15. dxc5 dxc5 16. b5 Ne8 17. Qe3 Ba8 18. Qf4 f6 19. Bh3 Nf8 20. Qe3 Kf7 21. Ne1 Rxd1 22. Rxd1 Rd8 23. Rxd8 Qxd8 24. Bg2 Bxg2 25. Kxg2 Nd6 26. Qd3 Ke7 27. Bc1 Qa8+ 28. f3 a6 29. Nc2 axb5 30. cxb5 Qa4 31. Ne3 Qxb5 32. Qc2 g6 33. Bb2 Nd7 34. h4 c4 35. h5 Qb3 36. Qd2 Nf5 37. Nxf5+ gxf5 38. Bc3 Nc5 39. Bb4 f4 40. Qxf4 Qc2 41. Qc7+ Ke8 42. Qc8+ Kf7 43. Qc7+ Ke8 44. Qc8+ 1/2-1/2

[Event "Olympiad Women-33"]
[Site "Elista"]
[Date "1998.10.10"]
[Round "11"]
[White "Alieva, Elmira"]
[Black "Zsiltzova Lisenko, Lubov"]
[Result "1-0"]
[WhiteElo "2155"]
[BlackElo "2235"]
[PlyCount "97"]
[EventDate "1998.09.29"]
[EventType "team-swiss"]
[EventRounds "13"]
[EventCountry "RUS"]
[SourceTitle "EXT 2000"]
[Source "ChessBase"]
[SourceDate "1999.11.16"]
[SourceVersion "1"]
[SourceVersionDate "1999.11.16"]
[SourceQuality "1"]

1. d4 d5 2. Nf3 Nf6 3. c4 dxc4 4. Qa4+ c6 5. Qxc4 Bf5 6. g3 g6 7. Bg2 Bg7 8. 0-0 0-0 9. Nc3 Nbd7 10. Rd1 Bc2 11. Rd2 Nb6 12. Qc5 Bf5 13. Ne5 Nfd7 14. Nxd7 Nxd7 15. Qb4 Qb6 16. Qxb6 Nxb6 17. e4 Bd7 18. Rd1 Rfd8 19. Bg5 Re8 20. b3 a5 21. Rac1 a4 22. b4 a3 23. Be3 Nc4 24. Bf1 Nxe3 25. fxe3 Be6 26. d5 Bg4 27. Rd3 Be5 28. Kf2 Rec8 29. Be2 Bxe2 30. Nxe2 Bb2 31. dxc6 bxc6 32. Rc4 e5 33. Nc1 Rd8 34. Rxd8+ Rxd8 35. Ke2 f5 36. Nb3 Kf7 37. Rxc6 Rb8 38. Rc4 Kf6 39. Nc5 Ke7 40. Kd3 Kd6 41. Kc2 h5 42. Nd3 Ba1 43. Kb3 fxe4 44. Nc5 Bb2 45. Nxe4+ Kd5 46. Nc3+ Kd6 47. Na4 Kd5 48. e4+ Kd6 49. Nxb2 1-0

[Event "Olympiad Women-33"]
[Site "Elista"]
[Date "1998.10.09"]
[Round "10"]
[White "Alieva, Elmira"]
[Black "Demina, Julia"]
[Result "1/2-1/2"]
[WhiteElo "2155"]
[BlackElo "2345"]
[PlyCount "39"]
[EventDate "1998.09.29"]
[EventType "team-swiss"]
[EventRounds "13"]
[EventCountry "RUS"]
[SourceTitle "CBM 066 Extra"]
[Source "ChessBase"]
[SourceDate "1998.11.06"]
[SourceVersion "1"]
[SourceVersionDate "1998.11.06"]
[SourceQuality "1"]

1. d4 d5 2. c4 dxc4 3. Nf3 e6 4. Qa4+ Nd7 5. Qxc4 c5 6. g3 a6 7. Bg2 b5 8. Qd3 Bb7 9. 0-0 Ngf6 10. Bg5 h6 11. Bxf6 Nxf6 12. a4 b4 13. Nbd2 cxd4 14. Qxd4 Be7 15. Rfc1 0-0 16. Qxd8 Bxd8 17. Ne5 Nd5 18. Ndc4 Bc7 19. Nd3 a5 20. Ne3 1/2-1/2